Canzoni dei Muse - Statistics

Statistiche generali
  • Questo quiz è stato fatto 37 volte
  • Il punteggio medio è 10 su 13
Answers on the Grid
Answers color-coded by a green-red scale on the quiz's grid according to % correct below.
Supermassive black hole
Hotel california
Uprising
Viva la vida
Starboy
Starlight
Hysteria
Take me out
Psycho
No rain
Dark necessities
Losing my religion
Resistance
Personal Jesus
Plug in baby
Bliss
Sultans of swing
Riptide
Knights of cydonia
Song 2
Pumped up kicks
Counting stars
Starlight
Fluorescent adolescent
Lonely boy
Madness
Numb
Time is running out
Use somebody
Undisclosed desires
 
Statistiche sulle risposte
Risposta % Corretto
Supermassive black hole
94%
Hysteria
89%
Uprising
89%
Psycho
78%
Starlight
78%
Knights of cydonia
72%
Madness
72%
Resistance
72%
Time is running out
72%
Plug in baby
67%
Starlight
67%
Undisclosed desires
61%
Bliss
50%
Nessun quiz corrispondente trovato
Distribuzione punteggi
Percentuale di utenti per punteggio
Percentile per numero di risposta
I tuoi punteggi nel tempo
Non hai fatto questo quiz